Statistics for Actors / Actresses by their Characters #14

Click here to take the quiz!

General Stats

  • This quiz has been taken 30 times
  • The average score is 4 of 10

Answer Stats

HintAnswer% Correct
Princess Fiona, Natalie Cook, June Havens, Sara FitzgeraldCameron Diaz
82%
Erik Lehnsherr / Magneto, Edwin Epps, Lt. Archie Hicox, David8Michael Fassbender
54%
Elaine Benes, Selina Meyer, Valentina Allegra de Fontaine, Christine CampbellJulia Louis-Dreyfus
43%
W.P. Inman, Graham Simpkins, Dr. John Watson, Albus DumbledoreJude Law
39%
Lieutenant S.D. "Snake" Plissken, R.J. MacReady, Colonel Jonathan J. "Jack" O'Neil, Jimmy HarrellKurt Russell
36%
Lucious Lyon, Harvey Boarden, James "Rhodey" Rhodes, Cameron ThayerTerrence Howard
36%
Gwen Stacy, Claire Dearing, Ivy Elizabeth Walker, Sheila EileenBryce Dallas Howard
29%
Arthur Harrow, Detective Sal Procida, Finnegan 'Finn' Bell, Jack ConroyEthan Hawke
25%
Aurora, Catherine the Great, Lily Miska, Ashleigh EnrightElle Fanning
18%
Vivienne Graham, Mary Brown, Elisa Esposito, Poppy CrossSally Hawkins
11%

Score Distribution

Percentile by Number Answered

Percent of People with Each Score

Your Score History

You have not taken this quiz